[Event "DEM U12/U12w 2015"]
[Site "Willingen GER"]
[Date "2015.05.25"]
[Round "4"]
[White "Post, Hugo"]
[Black "Rudolph, Eva"]
[Result "1-0"]
[Termination "normal"]
[Board "12"]
[WhiteElo "1774"]
[BlackElo "1573"]
[PlyCount "121"]
[WhiteFideId "12962490"]
[BlackFideId "16200594"]
[EventCountry "GER"]
[EventRounds "11"]
[EventType "swiss"]
[EventDate "2015.05.23"]

1. e4 e5 2. Nf3 Nf6 3. Nxe5 d6 4. Nf3 Nxe4 5. d4 d5 6. Bd3 Nc6 7. O-O Be7 8. c4
Nf6 9. Nc3 O-O 10. a3 Bg4 11. cxd5 Nxd5 12. Be3 Re8 13. Re1 Bf6 14. Bb5 Qd7 15.
h3 Bh5 16. Rc1 Re6 17. Nxd5 Qxd5 18. Bc4 Qd6 19. Bxe6 fxe6 20. b4 a6 21. Rb1
Na7 22. a4 c6 23. Qe2 Qd5 24. Rec1 Bd8 25. Rc5 Bxf3 26. Qxf3 Qa2 27. Qd1 Be7
28. Qc2 Qxc2 29. Rxc2 Bd6 30. Rd2 Kf7 31. Kf1 Ke7 32. Ke2 Kd7 33. f4 b5 34. a5
Rf8 35. d5 Nc8 36. dxc6+ Kxc6 37. g3 Ne7 38. Rc1+ Kd7 39. Bc5 Nd5 40. Bxd6 Kxd6
41. Rd4 Re8 42. Rcd1 Kc6 43. R1d3 Re7 44. Kd2 Kd6 45. f5 Rd7 46. g4 Ke7 47. Re4
Rd6 48. Ke2 Kf6 49. Kf3 exf5 50. gxf5 Kxf5 51. Red4 Ke5 52. Ke2 Nc3+ 53. Ke3
Nd5+ 54. Kf3 Rf6+ 55. Kg3 Rd6 56. Rd2 Rd7 57. Rg4 h6 58. Rg6 Rd6 59. Re2+ Kd4
60. Rxd6 Kc4 61. Re4+ 1-0

[Event "DEM U12/U12w 2015"]
[Site "Willingen GER"]
[Date "2015.05.25"]
[Round "4"]
[White "Englert, Jon"]
[Black "Wu, Luka"]
[Result "1-0"]
[Termination "normal"]
[Board "13"]
[WhiteElo "1682"]
[BlackElo "1580"]
[PlyCount "165"]
[WhiteFideId "12992275"]
[BlackFideId "12977420"]
[EventCountry "GER"]
[EventRounds "11"]
[EventType "swiss"]
[EventDate "2015.05.23"]

1. e4 e5 2. Nf3 Nc6 3. d4 exd4 4. Nxd4 Bc5 5. Nb3 Bb6 6. Nc3 Nf6 7. Bd3 d6 8.
O-O h6 9. h3 O-O 10. Kh1 Nh7 11. Nd5 Ne5 12. f4 Nxd3 13. cxd3 Qh4 14. f5 Bf2
15. Nxc7 Rb8 16. Nd5 b6 17. Qf3 Bg3 18. Bf4 Bxf4 19. Qxf4 Qxf4 20. Rxf4 Bb7 21.
Nc3 Rbc8 22. Rf2 Rfe8 23. Nb5 Rcd8 24. Rc1 Re7 25. Nxa7 Ra8 26. Nc6 Rc7 27. Nb4
Rxc1+ 28. Nxc1 Rc8 29. Rc2 Rxc2 30. Nxc2 Kf8 31. Kg1 Nf6 32. Kf2 Nd7 33. Ke3
Ne5 34. Na3 Ba6 35. Kd4 Ke7 36. Nc4 Nc6+ 37. Kc3 b5 38. Ne3 Kf6 39. b4 g6 40.
Nd5+ Ke5 41. fxg6 fxg6 42. Ne2 Bb7 43. Ne3 h5 44. Nd5 Na7 45. Nef4 g5 46. Nxh5
Bxd5 47. exd5 Kxd5 48. Nf6+ Ke5 49. Ne4 d5 50. Nxg5 Kf4 51. Ne6+ Ke3 52. Nd4
Kf4 53. h4 Kg4 54. g3 Kh5 55. Kd2 Kg4 56. Ke3 Nc8 57. Nxb5 Ne7 58. Kd4 Kxg3 59.
h5 Kg4 60. h6 Nf5+ 61. Kxd5 Nxh6 62. a4 Nf5 63. a5 Ne7+ 64. Kd6 Nc8+ 65. Kc7
Ne7 66. a6 Nd5+ 67. Kb7 Nxb4 68. a7 Nxd3 69. a8=Q Kf4 70. Qf8+ Ke3 71. Kc6 Ne5+
72. Kd5 Nd3 73. Qa3 Ke2 74. Nd4+ Kd2 75. Qa2+ Ke3 76. Qe2+ Kf4 77. Qxd3 Kg4 78.
Qf1 Kg5 79. Ke5 Kg4 80. Qf4+ Kh5 81. Qg3 Kh6 82. Kf6 Kh7 83. Qg7# 1-0

[Event "DEM U12/U12w 2015"]
[Site "Willingen GER"]
[Date "2015.05.25"]
[Round "4"]
[White "Wu, Leon"]
[Black "Röhr, Tobias"]
[Result "0-1"]
[Termination "normal"]
[Board "14"]
[WhiteElo "1574"]
[BlackElo "1742"]
[PlyCount "100"]
[WhiteFideId "12977438"]
[BlackFideId "12963089"]
[EventCountry "GER"]
[EventRounds "11"]
[EventType "swiss"]
[EventDate "2015.05.23"]

1. e4 c5 2. Nf3 e6 3. d4 cxd4 4. Nxd4 Nc6 5. Nc3 Qc7 6. Be2 a6 7. O-O Bb4 8.
Be3 Nf6 9. f3 O-O 10. Qd2 d5 11. Bd3 Nxd4 12. Bxd4 e5 13. Bf2 d4 14. Nb5 Qe7
15. c3 Ba5 16. Na3 dxc3 17. Qc2 cxb2 18. Qxb2 b5 19. Rac1 Bb4 20. Nc2 Bd6 21.
Ne3 Ba3 22. Qd2 Bxc1 23. Rxc1 Be6 24. Bh4 Rfd8 25. Qe2 Qa3 26. Rd1 Qxa2 27. Rd2
Qa5 28. Qf2 Rac8 29. Rd1 Qb6 30. Kh1 Bb3 31. Rd2 Rc1+ 32. Bf1 Rdc8 33. h3 Nh5
34. Kh2 R1c3 35. Bd3 Nf4 36. Nf5 Qxf2 37. Bxf2 Rxd3 38. Rb2 Rc2 39. Rb1 Rxf2
40. Rg1 Rdd2 41. Ne3 Rfe2 42. Nf5 Rxg2+ 43. Rxg2 Rxg2+ 44. Kh1 a5 45. h4 a4 46.
h5 a3 47. Nh6+ Kf8 48. Ng4 a2 49. Ne3 a1=Q+ 50. Nd1 Qxd1# 0-1

[Event "DEM U12/U12w 2015"]
[Site "Willingen GER"]
[Date "2015.05.25"]
[Round "4"]
[White "Grund, Sebastian"]
[Black "Henning, Marvin"]
[Result "1/2-1/2"]
[Termination "normal"]
[Board "15"]
[WhiteElo "1810"]
[BlackElo "1791"]
[PlyCount "72"]
[WhiteFideId "12988626"]
[BlackFideId "12957399"]
[EventCountry "GER"]
[EventRounds "11"]
[EventType "swiss"]
[EventDate "2015.05.23"]

1. Nf3 Nf6 2. g3 g6 3. Bg2 Bg7 4. c4 c5 5. O-O Nc6 6. d4 cxd4 7. Nxd4 O-O 8.
Nc3 Qb6 9. Nxc6 dxc6 10. Qc2 Be6 11. b3 Rfd8 12. e4 Nd7 13. Be3 Qb4 14. Rac1
Ne5 15. Ne2 Ng4 16. Bf4 Rd7 17. Rcd1 Rad8 18. Rxd7 Rxd7 19. Rd1 Qb6 20. c5 Qd8
21. Rxd7 Qxd7 22. Qd2 Be5 23. Qxd7 Bxd7 24. Bd2 Bg7 25. Bc3 Ne5 26. Bd4 Nd3 27.
Be3 Be6 28. Nc1 Nb4 29. Bd2 Nc2 30. Bf1 Nd4 31. Kg2 Bg4 32. Bd3 Bf3+ 33. Kf1
Ne6 34. b4 Bg4 35. Nb3 Nd4 36. Nxd4 Bxd4 1/2-1/2

[Event "DEM U12/U12w 2015"]
[Site "Willingen GER"]
[Date "2015.05.25"]
[Round "4"]
[White "Hinrichs, Paul"]
[Black "Breitzmann, Sander"]
[Result "0-1"]
[Termination "normal"]
[Board "16"]
[WhiteElo "1641"]
[BlackElo "1415"]
[PlyCount "116"]
[WhiteFideId "12942545"]
[BlackFideId "12987085"]
[EventCountry "GER"]
[EventRounds "11"]
[EventType "swiss"]
[EventDate "2015.05.23"]

1. d4 d5 2. c4 c6 3. Nf3 Nf6 4. e3 e6 5. Bd3 Bd6 6. O-O O-O 7. Nc3 Nbd7 8. Re1
dxc4 9. Bxc4 e5 10. d5 Nb6 11. Bb3 cxd5 12. Bxd5 Nbxd5 13. Nxd5 Bg4 14. a3 e4
15. Nxf6+ Qxf6 16. Qd4 exf3 17. Qxg4 fxg2 18. Rb1 Qe5 19. Qxg2 Rac8 20. b4 Rc2
21. Rd1 Rfc8 22. h3 Kf8 23. Bb2 Rxb2 24. Rxb2 Qxb2 25. Rxd6 Rc1+ 26. Kh2 Qe5+
27. Qg3 Qxg3+ 28. Kxg3 Ke7 29. Rd3 Rg1+ 30. Kf4 Rg2 31. f3 Rh2 32. Kg3 Rc2 33.
e4 Rc6 34. f4 Rg6+ 35. Kf3 Rh6 36. Kg4 Rg6+ 37. Kf3 Rh6 38. Ke2 Rh4 39. Rf3 h6
40. Ke3 g5 41. f5 Kd6 42. Kd4 b5 43. Rg3 Rf4 44. Re3 h5 45. Rg3 f6 46. Re3 g4
47. hxg4 Rxg4 48. Rd3 Rg8 49. Ke3+ Kc6 50. Rc3+ Kb6 51. e5 Rg3+ 52. Kd4 fxe5+
53. Kxe5 Rxc3 54. f6 Rf3 55. Ke6 h4 56. f7 h3 57. Ke7 h2 58. f8=Q Rxf8 0-1

[Event "DEM U12/U12w 2015"]
[Site "Willingen GER"]
[Date "2015.05.25"]
[Round "4"]
[White "Heckmann, Till"]
[Black "Biermann, Florian"]
[Result "1/2-1/2"]
[Termination "normal"]
[Board "17"]
[WhiteElo "1527"]
[BlackElo "1709"]
[PlyCount "112"]
[WhiteFideId "12987093"]
[BlackFideId "12970069"]
[EventCountry "GER"]
[EventRounds "11"]
[EventType "swiss"]
[EventDate "2015.05.23"]

1. e4 c5 2. Nc3 Nc6 3. g3 g6 4. Bg2 Bg7 5. d3 e6 6. Be3 d6 7. Qd2 Nge7 8. Bh6
O-O 9. Bxg7 Kxg7 10. f4 Rb8 11. Nf3 b5 12. O-O Qb6 13. Kh1 Nd4 14. g4 f5 15.
gxf5 Nxf3 16. Bxf3 exf5 17. Rae1 Bb7 18. Rg1 Rbe8 19. Nd5 Bxd5 20. exd5 Nc8 21.
c4 b4 22. b3 Qd8 23. Qb2+ Qf6 24. Qxf6+ Kxf6 25. Kg2 h6 26. h4 Kf7 27. Kf2 Rxe1
28. Rxe1 Re8 29. d4 Rxe1 30. Kxe1 cxd4 31. Kd2 Nb6 32. Kd3 Nd7 33. Kxd4 Nc5 34.
Ke3 Kf6 35. Bg2 a5 36. Bf3 g5 37. hxg5+ hxg5 38. Be2 Ne4 39. Bd3 Nc3 40. Bc2 g4
41. Bd3 Nxa2 42. c5 dxc5 43. d6 Nc3 44. Bxf5 Nd5+ 45. Ke4 Nb6 46. Bxg4 c4 47.
bxc4 a4 48. Bd1 Nxc4 49. d7 Ke7 50. Bxa4 Nb6 51. Bb5 b3 52. Kd4 Nxd7 53. Bxd7
Kxd7 54. Kc3 Ke6 55. Kxb3 Kf5 56. Kc3 Kxf4 1/2-1/2

[Event "DEM U12/U12w 2015"]
[Site "Willingen GER"]
[Date "2015.05.25"]
[Round "4"]
[White "Bosselmann, Tom Linus"]
[Black "Knüdel, Torben"]
[Result "1/2-1/2"]
[Termination "normal"]
[Board "18"]
[WhiteElo "1720"]
[BlackElo "1553"]
[PlyCount "112"]
[WhiteFideId "12983845"]
[BlackFideId "16208820"]
[EventCountry "GER"]
[EventRounds "11"]
[EventType "swiss"]
[EventDate "2015.05.23"]

1. e4 e6 2. d4 d5 3. Nd2 c5 4. exd5 exd5 5. Ngf3 Bg4 6. h3 Bh5 7. Bb5+ Nc6 8.
Qe2+ Qe7 9. Qxe7+ Ngxe7 10. dxc5 a6 11. Ba4 Bxf3 12. Nxf3 Ng6 13. Be3 Be7 14.
Rd1 Rd8 15. Bb3 d4 16. Bxd4 Nxd4 17. Rxd4 Rxd4 18. Nxd4 Bxc5 19. Nf5 O-O 20.
O-O Ne5 21. Re1 Nc6 22. Rd1 Rd8 23. Rxd8+ Nxd8 24. Bd5 g6 25. Nh6+ Kg7 26. Ng4
f5 27. Ne5 Bd4 28. Nd3 Kf6 29. Kf1 Ke7 30. c3 Ba7 31. Ke2 Kd6 32. Bg8 h6 33.
Bh7 Nc6 34. Bxg6 Ne5 35. Bxf5 Nxd3 36. Bxd3 a5 37. f4 Bb8 38. Kf3 b6 39. Ke4
Ke6 40. g4 Bd6 41. h4 Kf7 42. Kf5 Be7 43. g5 hxg5 44. hxg5 Bf8 45. Bc4+ Kg7 46.
Ke6 Bc5 47. f5 Be3 48. g6 Bg5 49. b4 Bf6 50. b5 Bxc3 51. Kd5 Bb2 52. Ke6 Bd4
53. Kd5 Bb2 54. a4 Kf6 55. Kc6 Bd4 56. Be6 Kg7 1/2-1/2

[Event "DEM U12/U12w 2015"]
[Site "Willingen GER"]
[Date "2015.05.25"]
[Round "4"]
[White "Wastian, Mareike"]
[Black "Lieberwirth, Kasimir"]
[Result "0-1"]
[Termination "normal"]
[Board "19"]
[WhiteElo "1573"]
[BlackElo "1638"]
[PlyCount "62"]
[WhiteFideId "12947423"]
[BlackFideId "12988146"]
[EventCountry "GER"]
[EventRounds "11"]
[EventType "swiss"]
[EventDate "2015.05.23"]

1. e4 c5 2. d4 cxd4 3. c3 dxc3 4. Nxc3 Nc6 5. Nf3 e6 6. Bc4 a6 7. O-O Nge7 8.
Bg5 f6 9. Be3 b5 10. Bb3 Ng6 11. Qe2 Be7 12. Rfd1 Qc7 13. Rac1 O-O 14. Nd4 Nxd4
15. Rxd4 Bc5 16. Rdd1 Bxe3 17. Qxe3 Qa7 18. Qh3 Kh8 19. Rd6 Ne5 20. Re1 Bb7 21.
Re3 Bc6 22. f4 Ng4 23. Rdd3 Nxe3 24. Rxe3 b4 25. Nd1 Bxe4 26. Kh1 Bf5 27. Qf3
Rac8 28. g4 Bc2 29. Nf2 Bxb3 30. Rxb3 a5 31. Kg2 Qa8 0-1

[Event "DEM U12/U12w 2015"]
[Site "Willingen GER"]
[Date "2015.05.25"]
[Round "4"]
[White "Roho, Kevin"]
[Black "Bethke, Robert"]
[Result "0-1"]
[Termination "normal"]
[Board "20"]
[WhiteElo "1825"]
[BlackElo "1548"]
[PlyCount "66"]
[WhiteFideId "12973734"]
[BlackFideId "12959251"]
[EventCountry "GER"]
[EventRounds "11"]
[EventType "swiss"]
[EventDate "2015.05.23"]

1. e4 e5 2. Bc4 Nc6 3. Nf3 Nf6 4. d4 Bd6 5. dxe5 Nxe5 6. Nxe5 Bxe5 7. O-O O-O
8. f4 Bd6 9. e5 Bc5+ 10. Kh1 Ne4 11. Qf3 d5 12. exd6 Nxd6 13. Bd3 Qf6 14. Nc3
Be6 15. Ne4 Qd4 16. c3 Qd5 17. Nxc5 Qxc5 18. Be3 Qd5 19. Qd1 Bf5 20. Bc2 Qe6
21. Bc5 Rad8 22. Bb3 Qg6 23. Qf3 b6 24. Bd4 Be4 25. Qf2 Nf5 26. Be5 Ne3 27. Rg1
Ng4 28. Qh4 Rd2 29. Raf1 Nxe5 30. Rf2 Rxf2 31. Qxf2 Nd3 32. Qe3 Re8 33. Qd2
Nxf4 0-1

[Event "DEM U12/U12w 2015"]
[Site "Willingen GER"]
[Date "2015.05.25"]
[Round "4"]
[White "Merk, Daniel"]
[Black "Rietschel, Tilo"]
[Result "0-1"]
[Termination "normal"]
[Board "21"]
[WhiteElo "1799"]
[BlackElo "1549"]
[PlyCount "102"]
[WhiteFideId "12938386"]
[BlackFideId "16208390"]
[EventCountry "GER"]
[EventRounds "11"]
[EventType "swiss"]
[EventDate "2015.05.23"]

1. d4 d5 2. c4 e6 3. Nc3 Nf6 4. cxd5 exd5 5. Bg5 Be7 6. e3 O-O 7. Bd3 c5 8.
dxc5 Bxc5 9. Bxf6 Qxf6 10. Nxd5 Qxb2 11. Nc7 Qc3+ 12. Kf1 Bxe3 13. Nxa8 Qf6 14.
Nf3 Bf4 15. h3 Bd7 16. Qc2 Qxa1+ 17. Ne1 Re8 18. Be2 Nc6 19. g3 Nd4 20. Qd1
Qxd1 21. Bxd1 Bd2 22. Nf3 Nxf3 23. Bxf3 Rxa8 24. Bxb7 Rb8 25. Ke2 Rxb7 26. Kxd2
h5 27. Kc3 Be6 28. a4 Rb3+ 29. Kc2 Rf3 30. Rh2 Ra3 31. h4 Rxa4 32. Kb2 a5 33.
Kc3 Ra1 34. Kb2 Ra2+ 35. Kc3 a4 36. Rh1 Rxf2 37. Ra1 Ra2 38. Re1 Rg2 39. Kb4
Rxg3 40. Kxa4 Rg4+ 41. Ka3 Rxh4 42. Kb2 g5 43. Kc3 Kg7 44. Kd2 Rh3 45. Ke2 g4
46. Kf2 h4 47. Kg2 Ra3 48. Re2 h3+ 49. Kf2 g3+ 50. Kf1 h2 51. Kg2 Bd5+ 0-1

[Event "DEM U12/U12w 2015"]
[Site "Willingen GER"]
[Date "2015.05.25"]
[Round "4"]
[White "Hassemeier, Mika"]
[Black "Huber, Benedikt"]
[Result "1/2-1/2"]
[Termination "normal"]
[Board "22"]
[WhiteElo "1658"]
[BlackElo "1729"]
[PlyCount "58"]
[WhiteFideId "12994880"]
[BlackFideId "12923583"]
[EventCountry "GER"]
[EventRounds "11"]
[EventType "swiss"]
[EventDate "2015.05.23"]

1. d4 e6 2. c4 b6 3. Nf3 Bb7 4. Nc3 Bb4 5. g3 Bxf3 6. exf3 d5 7. Qa4+ Qd7 8.
Qxb4 Nc6 9. Qa4 Nxd4 10. Qxd7+ Kxd7 11. Kd1 dxc4 12. Be3 c5 13. f4 Nf6 14. Bxc4
Rhd8 15. Bxd4 cxd4 16. Ne2 Ne4 17. Ke1 Kc6 18. Rc1 Nc5 19. b4 d3 20. Bxd3 Rxd3
21. bxc5 Rad8 22. cxb6+ Kxb6 23. Kf1 Kb7 24. Kg2 h5 25. Nc3 a6 26. Rhd1 Rxc3
27. Rxd8 Rxc1 28. Rd7+ Rc7 29. Rxc7+ Kxc7 1/2-1/2

[Event "DEM U12/U12w 2015"]
[Site "Willingen GER"]
[Date "2015.05.25"]
[Round "4"]
[White "Kublanov, Elizabeth"]
[Black "Longo, Massimo"]
[Result "1/2-1/2"]
[Termination "normal"]
[Board "23"]
[WhiteElo "1563"]
[BlackElo "1628"]
[PlyCount "66"]
[WhiteFideId "12944564"]
[BlackFideId "16205227"]
[EventCountry "GER"]
[EventRounds "11"]
[EventType "swiss"]
[EventDate "2015.05.23"]

1. d4 d6 2. e4 Nf6 3. Nc3 e5 4. Nge2 Nc6 5. f3 Be7 6. Be3 a6 7. Qd2 b6 8. O-O-O
b5 9. dxe5 Nxe5 10. Nd5 Nc4 11. Qc3 Nxd5 12. exd5 Nxe3 13. Qxe3 O-O 14. Kb1 Bf6
15. g4 Re8 16. Qd3 Bd7 17. Ng3 Bh4 18. Nf5 Bxf5 19. Qxf5 Re5 20. Qf4 Qe7 21.
Bd3 Rb8 22. Qd4 Bf6 23. Qf4 g6 24. Be4 b4 25. Qd2 a5 26. Rhe1 a4 27. Qd3 Qd7
28. f4 Ree8 29. g5 Bh8 30. Re2 b3 31. cxb3 axb3 32. a3 Qa4 33. h4 Re7 1/2-1/2

[Event "DEM U12/U12w 2015"]
[Site "Willingen GER"]
[Date "2015.05.25"]
[Round "4"]
[White "Schille, Hannes"]
[Black "Paeslack, Luis"]
[Result "1/2-1/2"]
[Termination "normal"]
[Board "24"]
[WhiteElo "1489"]
[BlackElo "1775"]
[PlyCount "65"]
[WhiteFideId "16206053"]
[BlackFideId "12987760"]
[EventCountry "GER"]
[EventRounds "11"]
[EventType "swiss"]
[EventDate "2015.05.23"]

1. d4 Nf6 2. c4 c5 3. d5 g6 4. Nc3 Bg7 5. e4 d6 6. Be2 O-O 7. Nf3 e6 8. O-O
exd5 9. cxd5 a6 10. a4 Re8 11. Qc2 Nh5 12. Bd3 Bg4 13. Qd1 Nd7 14. h3 Bxf3 15.
Qxf3 Ne5 16. Qd1 Qh4 17. Be2 Nf4 18. Bxf4 Qxf4 19. Re1 Nd7 20. Bf3 Bxc3 21.
bxc3 Ne5 22. Qe2 c4 23. Qe3 Nxf3+ 24. Qxf3 Qe5 25. Qe3 b5 26. a5 Reb8 27. Rab1
f6 28. f4 Qe7 29. Qd4 Qa7 30. Qxa7 Rxa7 31. Kf2 Kf7 32. Ke3 Re7 33. Kd4 1/2-1/2

[Event "DEM U12/U12w 2015"]
[Site "Willingen GER"]
[Date "2015.05.25"]
[Round "4"]
[White "Köllner, Ruben Gideon"]
[Black "Brunkardt, Elena"]
[Result "1-0"]
[Termination "normal"]
[Board "25"]
[WhiteElo "1649"]
[BlackElo "1474"]
[PlyCount "109"]
[WhiteFideId "12993093"]
[BlackFideId "16208838"]
[EventCountry "GER"]
[EventRounds "11"]
[EventType "swiss"]
[EventDate "2015.05.23"]

1. d4 d5 2. Nf3 Nf6 3. e3 e6 4. Bd3 Bd7 5. O-O c5 6. c3 Nc6 7. Nbd2 Qc7 8. Qe2
h6 9. dxc5 Bxc5 10. e4 O-O 11. Re1 Rfe8 12. h3 Rad8 13. e5 Nh5 14. Nf1 Qb6 15.
g4 f6 16. gxh5 fxe5 17. Bg6 Rf8 18. Be3 Bxe3 19. Nxe3 e4 20. Nd4 Nxd4 21. cxd4
Qxd4 22. Rad1 Qe5 23. Ng4 Qg5 24. Qe3 Qxe3 25. fxe3 Rf3 26. Kg2 Rdf8 27. Rf1
Bb5 28. Rxf3 exf3+ 29. Kf2 Ba6 30. Rc1 Bb5 31. Rc7 Ba6 32. Ne5 Bb5 33. Bf7+ Kh7
34. Ng6 Rb8 35. Kxf3 Bc6 36. Kf2 d4 37. exd4 Bd5 38. b3 a5 39. Nf4 b5 40. Bxe6
Be4 41. Ke3 Bb1 42. d5 Bxa2 43. d6 a4 44. bxa4 Bxe6 45. Nxe6 bxa4 46. d7 Rb3+
47. Kd2 a3 48. d8=Q Rb2+ 49. Rc2 a2 50. Qa5 Rb7 51. Rxa2 Rd7+ 52. Ke2 Re7 53.
Qf5+ Kh8 54. Ra8+ Re8 55. Rxe8# 1-0

[Event "DEM U12/U12w 2015"]
[Site "Willingen GER"]
[Date "2015.05.25"]
[Round "4"]
[White "Suvorov, Luca"]
[Black "Pahl, Erik"]
[Result "1-0"]
[Termination "normal"]
[Board "26"]
[WhiteElo "1832"]
[BlackElo "1464"]
[PlyCount "53"]
[WhiteFideId "12977071"]
[BlackFideId "16201272"]
[EventCountry "GER"]
[EventRounds "11"]
[EventType "swiss"]
[EventDate "2015.05.23"]

1. d4 Nf6 2. c4 g6 3. g3 Bg7 4. Bg2 d6 5. Nc3 O-O 6. Nf3 Nbd7 7. O-O e5 8. e4
Ne8 9. d5 a5 10. Be3 f5 11. Ng5 Ndf6 12. Ne6 Bxe6 13. dxe6 c6 14. c5 fxe4 15.
cxd6 Nxd6 16. Bc5 Nfe8 17. Nxe4 Nxe4 18. Qxd8 Rxd8 19. e7 Rd5 20. exf8=Q+ Bxf8
21. Bxf8 Kxf8 22. Bxe4 Rd2 23. Rab1 Nf6 24. Bg2 Kf7 25. Rfd1 Rc2 26. a3 a4 27.
b3 1-0

[Event "DEM U12/U12w 2015"]
[Site "Willingen GER"]
[Date "2015.05.25"]
[Round "4"]
[White "Höfs, Cederik"]
[Black "Gheng, Dominik"]
[Result "0-1"]
[Termination "normal"]
[Board "27"]
[WhiteElo "1377"]
[BlackElo "1771"]
[PlyCount "104"]
[WhiteFideId "16207653"]
[BlackFideId "12906778"]
[EventCountry "GER"]
[EventRounds "11"]
[EventType "swiss"]
[EventDate "2015.05.23"]

1. e4 e5 2. Bc4 Nf6 3. Nc3 Nc6 4. Nf3 Bc5 5. d3 h6 6. h3 d6 7. Be3 Nd4 8. Bxd4
exd4 9. Ne2 Bb4+ 10. Nd2 c5 11. O-O O-O 12. Nf3 d5 13. e5 dxc4 14. exf6 Qxf6
15. dxc4 Bxh3 16. Nexd4 Bxg2 17. Kxg2 Qg6+ 18. Kh2 cxd4 19. Nxd4 Qd6+ 20. Kg1
Qg6+ 21. Kh2 Bd6+ 22. f4 Qf6 23. Qd2 Qh4+ 24. Kg2 Qg4+ 25. Kh1 Rad8 26. Qf2 Bc5
27. c3 Qh3+ 28. Kg1 Rd6 29. f5 Qg4+ 30. Kh1 Bxd4 31. cxd4 Rxd4 32. Rg1 Qh3+ 33.
Qh2 Qxh2+ 34. Kxh2 Rxc4 35. b3 Rc2+ 36. Kg3 Rd8 37. Kh4 Rd4+ 38. Kg3 Rc3+ 39.
Kf2 Rf4+ 40. Ke2 Rxf5 41. Kd2 Rh3 42. Rae1 Rd5+ 43. Kc2 Rd7 44. Re8+ Kh7 45.
Ra8 Rh2+ 46. Kb1 a6 47. Rf8 Rf2 48. Re8 Rdd2 49. Re7 Rb2+ 50. Ka1 Rxa2+ 51. Kb1
Rab2+ 52. Ka1 Rxb3 0-1

[Event "DEM U12/U12w 2015"]
[Site "Willingen GER"]
[Date "2015.05.25"]
[Round "4"]
[White "Brunner, Sophia"]
[Black "Ewerhardy, Moritz"]
[Result "1/2-1/2"]
[Termination "normal"]
[Board "28"]
[WhiteElo "1553"]
[BlackElo "1337"]
[PlyCount "95"]
[WhiteFideId "12960683"]
[BlackFideId "36052086"]
[EventCountry "GER"]
[EventRounds "11"]
[EventType "swiss"]
[EventDate "2015.05.23"]

1. e4 e5 2. d4 exd4 3. Qxd4 Nc6 4. Qe3 Nf6 5. Bd2 d6 6. Nc3 Be7 7. O-O-O O-O 8.
Bc4 Ng4 9. Qf4 Bf6 10. f3 Be5 11. Qg5 Qxg5 12. Bxg5 Nf2 13. Nge2 Nxh1 14. Rxh1
Be6 15. Nd5 h6 16. Be3 Na5 17. Ne7+ Kh7 18. Bb3 Nxb3+ 19. axb3 c6 20. Nf5 Bxf5
21. exf5 Rfe8 22. Bd4 Bxh2 23. Nc3 Bf4+ 24. Kd1 Be5 25. Bxe5 Rxe5 26. g4 Ra5
27. Kd2 Re5 28. Ne4 a6 29. Rh2 Rd5+ 30. Kc1 Rd8 31. c4 Re5 32. Re2 f6 33. Rd2
d5 34. Nc5 Re1+ 35. Kc2 Rb8 36. cxd5 cxd5 37. Rxd5 Re5 38. Rxe5 fxe5 39. Kd3
Kg8 40. Ke4 b6 41. Nd7 Rb7 42. Nxe5 Rc7 43. Nd3 Kf7 44. Nf4 Rc2 45. Nd3 Kf6 46.
Ke3 Kg5 47. b4 Kh4 48. Kd4 1/2-1/2

[Event "DEM U12/U12w 2015"]
[Site "Willingen GER"]
[Date "2015.05.25"]
[Round "4"]
[White "Stelljes, Fabian"]
[Black "Müdder, Melanie"]
[Result "0-1"]
[Termination "normal"]
[Board "29"]
[WhiteElo "1342"]
[BlackElo "1511"]
[PlyCount "92"]
[WhiteFideId "16201370"]
[BlackFideId "12994103"]
[EventCountry "GER"]
[EventRounds "11"]
[EventType "swiss"]
[EventDate "2015.05.23"]

1. e4 e5 2. Nf3 Nc6 3. Bc4 Nf6 4. d3 Be7 5. c3 d6 6. Nbd2 O-O 7. Nf1 Na5 8. Bb5
a6 9. Ba4 b5 10. Bc2 c5 11. Ng3 Nc6 12. O-O h6 13. Be3 Ng4 14. Bd2 Be6 15. Qc1
Kh7 16. h3 Nf6 17. Nh4 Ng8 18. Nhf5 Bh4 19. a4 b4 20. c4 Bxg3 21. Nxg3 Qf6 22.
b3 Nd4 23. Qd1 Qg6 24. Be3 Nxc2 25. Qxc2 Ne7 26. Qe2 Nc6 27. Qh5 Qxh5 28. Nxh5
f5 29. f3 g6 30. exf5 Bxf5 31. Ng3 Na5 32. Nxf5 gxf5 33. Rab1 f4 34. Bf2 Rg8
35. Bh4 Ra7 36. Rfe1 Nc6 37. Bf2 Rag7 38. g4 fxg3 39. Be3 Ne7 40. Bxc5 dxc5 41.
Rxe5 Rc8 42. Rbe1 Rc7 43. Kg2 Ng6 44. R5e4 Rce7 45. Kxg3 Ne5+ 46. Kf2 Nxd3+ 0-1

[Event "DEM U12/U12w 2015"]
[Site "Willingen GER"]
[Date "2015.05.25"]
[Round "4"]
[White "Truong, Lisa"]
[Black "Buller, Ian Joshua"]
[Result "1-0"]
[Termination "normal"]
[Board "30"]
[WhiteElo "1264"]
[BlackElo "1491"]
[PlyCount "51"]
[WhiteFideId "12983462"]
[BlackFideId "12990655"]
[EventCountry "GER"]
[EventRounds "11"]
[EventType "swiss"]
[EventDate "2015.05.23"]

1. e4 c5 2. Nf3 d6 3. d4 cxd4 4. Nxd4 Nf6 5. Nc3 a6 6. f3 g6 7. Be3 Bg7 8. Qd2
Bd7 9. O-O-O O-O 10. g4 b5 11. h4 Nc6 12. h5 Ne5 13. hxg6 fxg6 14. g5 Nh5 15.
Qg2 e6 16. Be2 b4 17. Nb1 a5 18. Qh2 Nf7 19. f4 e5 20. Bxh5 Nh8 21. Bxg6 Nxg6
22. Qxh7+ Kf7 23. f5 Ne7 24. Qh5+ Kg8 25. g6 exd4 26. Qh7# 1-0

[Event "DEM U12/U12w 2015"]
[Site "Willingen GER"]
[Date "2015.05.25"]
[Round "4"]
[White "Berelowitsch, Dana"]
[Black "Böttner, Oliver"]
[Result "1-0"]
[Termination "normal"]
[Board "31"]
[WhiteElo "1408"]
[BlackElo "1363"]
[PlyCount "45"]
[WhiteFideId "12977144"]
[BlackFideId "16208870"]
[EventCountry "GER"]
[EventRounds "11"]
[EventType "swiss"]
[EventDate "2015.05.23"]

1. e4 e5 2. Nf3 Nc6 3. Bc4 Be7 4. d4 exd4 5. Nxd4 Nf6 6. Nc3 O-O 7. O-O Bb4 8.
Bg5 h6 9. Bxf6 Qxf6 10. Nxc6 dxc6 11. Qd3 a5 12. Qg3 Qd4 13. Qd3 Qe5 14. Qf3
Bd7 15. Rad1 Rad8 16. Kh1 b5 17. Bd3 Bxc3 18. bxc3 Qxc3 19. Qg3 Rc8 20. e5 Rfe8
21. Bh7+ Kxh7 22. Qxc3 b4 23. Qd3+ 1-0

[Event "DEM U12/U12w 2015"]
[Site "Willingen GER"]
[Date "2015.05.25"]
[Round "4"]
[White "Schnabel, Luise"]
[Black "Zell, Hannah"]
[Result "1/2-1/2"]
[Termination "normal"]
[Board "32"]
[WhiteElo "1458"]
[BlackElo "1224"]
[PlyCount "41"]
[WhiteFideId "12943347"]
[BlackFideId "16208900"]
[EventCountry "GER"]
[EventRounds "11"]
[EventType "swiss"]
[EventDate "2015.05.23"]

1. e4 e5 2. Nf3 Nc6 3. Bc4 Bc5 4. O-O Nf6 5. d4 Bxd4 6. Nxd4 Nxd4 7. Bg5 d6 8.
f4 Ne6 9. Qf3 exf4 10. Bxf4 Nxf4 11. Qxf4 O-O 12. Nc3 c6 13. Rad1 Qb6+ 14. Kh1
Qxb2 15. Qd2 Qb4 16. Bd3 Be6 17. h3 Rad8 18. Rb1 Qa5 19. Rxb7 Rb8 20. Rbb1 Rfd8
21. Rfd1 1/2-1/2